000 00635nam a2200241Ia 4500
003 OSt
005 20221006144641.0
006 a|||||r|||| 00| 0
007 ta
008 221006b |||||||| |||| 00| 0 eng d
020 _c
_43.50
024 _a12,260
037 _cTextual
040 _aEASL
_cEASL
_beng
041 _2eng
_aeng
082 _aV41.A, N0
100 _aHANSEN Valerie
_9643528
245 0 _aChanging gods in medieval China 1127-1276
260 _aPrinceton
_bPrinceton University
_c1990
300 _a256p.
_ccm.
942 _hV41.A, N0
_cTEXL
_2CC
999 _c1080346
_d1080346